000 00333 a2200133 4500
999 _c324318
_d324318
001 89245
003 NUST
082 _a891.4392 UMA
100 _aUmaira Ahmed
_9743
245 _aWapsi
_hUrdu
_cumera ahmed
260 _aLahore
_bIlm-o-Irfan Publishers
_c2009
300 _a360 p.
740 _aurdu literature; poetry
942 _aCAE NUST
_cBK
_k891.4392 UMA
_2ddc